000 00755cam a22002891 4500
001 8363136
003 NUST - PNEC
005 20170116181019.0
008 720428s1950 xx 000 0 eng
010 _a 50009757
015 _aGB50-9426
020 _a007Y853533
035 _a(OCoLC)296333
040 _cLIBRARY
042 _apremarc
050 0 0 _aQC320
_b.K48
082 _a536.1 KER
100 1 _aKern, Donald Quentin,
_d1914-
245 1 0 _aProcess heat transfer
250 _aInternational student edition.
260 _aNew York,
_bMcGraw-Hill,
_c1950.
300 _axii,871p.
_billus.
_c24cm.
650 0 _aHeat
_xTransmission
650 0 _aHeating
_xME
906 _a7
_bcbc
_coclcrpl
_du
_encip
_f19
_gy-gencatlg
942 _2ddc
_cBK
999 _c67355
_d67355